Quizzes
Events
Quiz Creation
Community
Videos
Private Events
Remove Ads
Sign In
Join for FREE
Feedback
Dark Mode
Quiz Categories
Sports
Geography
Music
Movies
Television
Just For Fun
Miscellaneous
History
Literature
Language
Science
Gaming
Entertainment
Religion
Holiday
For Kids
Quiz Lab
Recent
Popular Today
Quiz Kudos Today
Editor Picks
Curator Picks
Quizzes by...
Day
Popularity
Type
Ratings
Length
Year
Community
Subscriptions
Recent Discussions
Orange Saloon
Badges
Playlists
Quests
Create
Leaderboards
Showdown
Live 5
Trivia Bingo
Activity
Puzzle Library
Sporcle Events
Private Events
Virtual Trivia
Globe League
Become a Host
Pub Owners
SporcleCon
Opinionation
Our Games
Videos
Blog
Mobile Apps
Partnerships
Remove Ads and Go Orange
Feedback
Miscellaneous
Crossword
General Knowledge
Baby Names
Logo
Food
Cars
Numbers
Grab Bag
University
College
Popular
Company
Slogans
Restaurants
Justice
Letter
Miscellaneous
Crossword
General Knowledge
Baby Names
Logo
Food
Cars
Numbers
Grab Bag
University
College
Popular
Company
Slogans
Restaurants
Justice
Letter
Random Quiz
Search Sporcle
×
Curator Pick
Curator Pick
Miscellaneous
Restaurants
Type answers based on single images at one time
Type answers based on single images at one time
Slideshow
Best Score? Go Orange.
Happy Meal Toys Stats
Can you name the Characters/Movies/TV Show by their McDonalds Happy Meal Toy?
By
gingerlover
5m
27 Questions
2,544 Plays
2,544 Plays
2,544 Plays
Comments
Comments
Give Quiz Kudos
Give Quiz Kudos
-
- Ratings
hide this ad
Replay
Link that replays current quiz
Next Quiz
Link to next quiz in quiz playlist
You Got
0%
They Got
Avg Score
69%
Avg Friend Score
Upgrade to see
Score Distribution
Jump to the score distribution portion of the page
Score
0/27
Timer
05:00
0
Plays Today
% Correct
Toy Story
99.5%
Bambi
90.7%
Tarzan
90.3%
Batman:The Animated Series
90.3%
Aladdin
87.1%
The Simpsons
86.7%
Super Mario
84%
Spongebob Squarepants
83.8%
Peanuts
78.8%
Minions
78.1%
The Little Mermaid
78%
Disney
77.9%
Space Jam
76.8%
Power Rangers
76.7%
% Correct
Muppet Babies
76.2%
Garfield
73.4%
The Secret Life of Pets
61.3%
Chip 'N Dale: Rescue Rangers
59.2%
DuckTales
59.1%
Looney Tunes Superheroes
58.6%
Dinosaurs
53.8%
Berenstain Bears
53.6%
The Rescuers
47.3%
Fraggle Rock
42.8%
Tiny Toon Adventures
41.1%
TaleSpin
30.7%
McNugget Buddies
28.4%
Quiz Playlist
Details
Report
Send in Message
Add To Playlist
Slideshow:
Type answers based on single images at one time
Last Updated: Sep 23, 2017
Curator Pick in
Restaurants
Quiz Scoreboard
CHALLENGE
Sign Up to Join the Scoreboard
Show All
Scores
Hide
Comments
May contain spoilers
Recently Published
Popular People in 1961
by mucciniale
History
6m
1-10 Letter E Words III
by El_Dandy
Language
2m
One Thing in Common: World Cities II
by knightlancer
Geography
7m
More to Explore
Quiz From the Vault
Featured Blog Post
Where Did the Easter Bunny Come From?
hide this ad
You Might Also Like...
Tags
Restaurants Quiz
Toys Quiz
Action Figures
Cartoon Characters
Kid Characters
McDonalds
US Restaurants
Today's Top Quizzes in Miscellaneous
Browse Miscellaneous
hide this ad
Today's Top Quizzes in Restaurants
Browse Restaurants
Top Contributed Quizzes in Miscellaneous
1
The JOE quick-fire general knowledge quiz: Day 173
2
The JOE quick-fire general knowledge quiz: Day 172
3
Sunday Crossword: Famous Bodies of Water
4
Named After an Animal - Odd One Out!
5
sort kpop groups by number of members
6
One Thing in Common: United Kingdom II
7
The JOE quick-fire general knowledge quiz: Day 171
8
Lays Potato Chip Flavour Contest Finalists
9
The JOE quick-fire quiz: Day 170
10
Sunday Crossword: Themeless #5
Explore More
Trending Topics
Harry Potter
Anime
Disney
Kpop
Marvel
NBA
Crossword
Puzzle
Country
Pokémon
The Office
NFL
Soccer
WWE
Song
hide this ad
More By:
gingerlover
Quiz
Plays
Rating
Category
Featured
Created
Movies by Last Name
107,610
4.69
Movies
Jan 23, 2018
Movies by Last Name II
78,913
4.72
Movies
Jan 23, 2018
Which Mario Game?
77,594
4.70
Gaming
Jun 6, 2018
Movies by Last Name III
58,559
4.46
Movies
Mar 3, 2018
Character Ice Cream
58,089
4.60
Miscellaneous
May 5, 2017
Go to Creator's Profile
Score Distribution
Quiz Creator Spotlight
gingerlover
Follow
Send a Message
Quizzes Created
-
Created Quiz Play Count
-
More By This Creator
Popular Quizzes Today
1
Find the US States - No Outlines Minefield
2
The Countries of the World
3
Find the Countries of Europe - No Outlines Minefield
4
Popular People in 1961
5
1-10 Letter E Words III
6
Find the US States
7
One Thing in Common: World Cities II
8
US States
More Miscellaneous Quizzes
Hat People
Published
Trending Quizzes
Risky Map Clicking: Least Populous States A-Z
1-10 Letter F Words
1-10 Letter G Words
One Thing in Common: United Kingdom
Risky Map Clicking: Next State Alphabetically
Recently Updated
Leaping Animals
pecheneg
Reality TV Shows (A-Z)
bhenderson79
Rickey Henderson's Hall of Fame Teammates
pecheneg
Champions League XIs: Arsenal
pecheneg
Quick Pick: Celebrities in WWE's Hall of Fame
aduchscher
A-Z Keypad Blitz II
pecheneg
Multiple Oscar Actors
pecheneg
Mystery Phrase Blitz: Oscar 'Best Actors'
pecheneg
F. Scott Fitzgerald Novels
LTH
Pick 3 Villains
ddd62291
Trending Topics
Crossword
NBA
Marvel
Disney
Harry Potter
Kpop
Anime
The Office
Song
Soccer
NFL
Pokémon
WWE
Country
Puzzle
Your Account Isn't Verified!
In order to create a playlist on Sporcle, you need to verify the email address you used during registration. Go to your
Sporcle Settings
to finish the process.
Report this User
Report this user for behavior that violates our
Community Guidelines
.
Details:
Send Report
Go to the Sporcle.com Mobile Site →
Comments